| 000 | 00792cam a2200253 4500 | ||
|---|---|---|---|
| 001 | M99667 | ||
| 008 | 000000n1997 000 0 eng u | ||
| 022 | _a13573098 | ||
| 035 | _a(Sirsi) u119289 | ||
| 041 | _a333.72 | ||
| 110 |
_aAssociation of Community Technical Aid Centres _93833 |
||
| 245 | _aGreen Building Digest : flat roofing membranes | ||
| 260 |
_aLiverpool _bACTAC _c1997 |
||
| 300 |
_a20p. _b30cm. |
||
| 490 |
_aGreen Building Digest _vIssue No. 14 Feb. 1996 |
||
| 650 | _aGREEN BUILDINGS | ||
| 650 |
_aEnvironment _96238 |
||
| 650 | _aBUILT ENVIRONMENT-BUILDING MATERIALS | ||
| 650 | _aECO-FRIENDLY | ||
| 650 | _aFLAT ROOFS | ||
| 650 | _aROOFING MATERIALS | ||
| 690 | _aBUILT ENVIRONMENT-BUILDING MAINTENANCE AND REFURBISHMENT-BUILDING CONSERVATION | ||
| 942 | _n0 | ||
| 999 |
_c102280 _d102280 |
||